000 00369nam a2200133Ia 4500
005 20251222141933.0
008 251222s9999||||xx |||||||||||||| ||spa||
082 _a985.37/S23
100 _aSánchez Macedo, Marino Orlando
245 0 _aDe las sacerdotisas, brujas y adivinas de Machu Picchu
250 _a1ra.ed.
264 _bEditora Contitel Peru, S.A.
942 _cLIB
999 _c9106
_d9106